000 01976nam a2200313 4500
999 _c2829
_d2829
006 a||||go||d| 00| 0
007 cr |||||||||||
008 861201s2019 enka o 001 0 eng d
020 _a9780081022641
_q(ebook)
040 _aKO
_beng
082 0 4 _a620.11809162
_223
245 0 0 _aMarine composites :
_bdesign and performance /
_c Richard Pemberton, John Summerscales, Jasper Graham-Jones.
264 1 _aLondon :
_bWoodhead Publishing,
_c[2019]
300 _a1 online resource
490 1 _aWoodhead Publishing series in composites science and engineering
504 _aIncludes bibliographical references and index.
520 _aMarine Composites: Design and Performance presents up-to-date information and recent research findings on the application and use of advanced fibre-reinforced composites in the marine environment. Following the success of their previously published title: Marine Applications of Advanced Fibre-reinforced Composites which was published in 2015; this exemplary new book provides comprehensive information on materials selection, characterization, and performance. There are also dedicated sections on sandwich structures, manufacture, advanced concepts, naval architecture and design considerations, and various applications. The book will be an essential reference resource for designers, materials engineers, manufactures, marine scientists, mechanical engineers, civil engineers, coastal engineers, boat manufacturers, offshore platform and marine renewable design engineers.
650 0 _aFibrous composites.
650 0 _aOffshore structures
_xMaterials.
650 7 _aFibrous composites.
_2fast
700 1 _aSummerscales, John,
_eaut
700 1 _aGraham-Jones, Jasper,
_eaut
700 1 _aPemberton, Richard,
_eaut
830 0 _aWoodhead Publishing series in composites science and engineering.
856 4 0 _uhttps://www.sciencedirect.com/science/book/9780081022641
904 _aA_BOSE
942 _cEB